Bases fundamentales para una ley universal sobre patentes de invención / (Record no. 155141)

MARC details
000 -LEADER
campo de control de longitud fija 00560nam a2200157 i 4500
001 - NÚMERO DE CONTROL
campo de control 155141
003 - IDENTIFICADOR DE NÚMERO DE CONTROL
campo de control ES-MaACL
005 - FECHA Y HORA DE LA ÚLTIMA TRANSACCIÓN
campo de control 20230906205956.0
008 - DATOS DE LONGITUD FIJA--INFORMACIÓN GENERAL
campo de control de longitud fija 040726s1900 sp |||| | spa d
100 1# - ENTRADA PRINCIPAL--NOMBRE DE PERSONA
Nombre de persona Hauser, Enrique.
9 (RLIN) 62111
245 10 - MENCIÓN DEL TÍTULO
Título Bases fundamentales para una ley universal sobre patentes de invención /
Mención de responsabilidad, etc. por Enrique Hauser.
260 ## - PUBLICACIÓN, DISTRIBUCIÓN, ETC.
Lugar de publicación, distribución, etc. Madrid :
Nombre del editor, distribuidor, etc. [s.a.],
Fecha de publicación, distribución, etc. 1900 (
Fabricante Imp. de Enrique Teodoro y Alonso)
300 ## - DESCRIPCIÓN FÍSICA
Extensión 14 p. ;
Dimensiones 24 cm.
650 #4 - PUNTO DE ACCESO ADICIONAL DE MATERIA--TÉRMINO DE MATERIA
Término de materia o nombre geográfico como elemento de entrada Patentes.
9 (RLIN) 136664
852 ## - LOCALIZACIÓN
Ubicación ES-MaACL
Número de control de estantería T-978-F-8
Nota libre - Enc. hol.
-- - Enc. en un vol. facticio
Holdings
Estatus retirado Estado de pérdida Estado de daño No para préstamo Colección Biblioteca de origen Biblioteca actual Ubicación en estantería Fecha de adquisición Total de préstamos Signatura topográfica completa Código de barras Visto por última vez Precio de reemplazo Tipo de ítem Koha
        Colección de folletos Biblioteca del Ateneo de Madrid Biblioteca del Ateneo de Madrid Depósito folletos 17/01/2008   T-978-F-8 1162285 23/02/2023 23/02/2023 Folleto